The Rorschach: a comprehensive system

Збережено в:
Бібліографічні деталі
Автори: Exner, John E (Автор), Weiner, Irving B (Автор)
Формат: Книга
Мова:Англійська
Опубліковано: Nueva York John Wiley 1982
Серія:Wiley Interscience Series on Personality Processes
Предмети:
Теги: Додати тег
Немає тегів, Будьте першим, хто поставить тег для цього запису!

MARC

LEADER 00000nam a2200000 a 4500
001 UCY0951
003 CL-VaPUC
008 940818e19820000US |||||||||||||||||eng|d
082 0 4 |a 155.2842  |b EXN  |2 21 
100 0 |a Exner, John E  |e author  |9 328818 
700 0 |a Weiner, Irving B  |e author  |9 328819 
245 1 4 |a The Rorschach: a comprehensive system 
300 |a 3 v 
942 |c BK 
945 |d 19940818 00:00:00  |a rbrito 
260 |a Nueva York  |b John Wiley  |c 1982 
500 |a v.3: Assesment of children and adolescents 
650 0 |a Test de Rorschach  |9 310418 
583 |a last modification  |c 19940818 00:00:00  |k Rodrigo Vera 
490 0 |a Wiley Interscience Series on Personality Processes 
999 |c 229816  |d 229814 
952 |0 0  |1 0  |4 0  |6 155_284200000000000_EXN_1982  |7 0  |8 A  |9 231488  |a BIBEDU  |b BIBEDU  |d 2019-11-15  |i 3006670  |o 155.2842 EXN 1982  |p 3006670  |r 2019-11-15  |w 2019-11-15  |y BK  |k PSI 
952 |0 0  |1 0  |4 0  |6 155_284200000000000_EXN_1982  |7 0  |8 A  |9 231489  |a BIBEDU  |b BIBEDU  |d 2019-11-15  |h v.1  |i 3037630  |o 155.2842 EXN 1982  |p 3037630  |r 2019-11-15  |w 2019-11-15  |y BK  |k PSI 
952 |0 0  |1 0  |4 0  |6 155_284200000000000_EXN_1982  |7 0  |8 A  |9 231490  |a BIBEDU  |b BIBEDU  |d 2019-11-15  |h v.2  |i 3037622  |o 155.2842 EXN 1982  |p 3037622  |r 2019-11-15  |w 2019-11-15  |y BK  |k PSI